000 00568nam a2200193 a 4500
005 20140412111355.0
008 051104s19uu xx 00 eng d
020 _a0-02-830995-2
050 _aTR(GS 372.4
_bB35 L.2 (C)
245 _aChallenge (green), L.2 :
_bBlackline master.
260 _aColumbus, Ohio :
_bSRA/McGraw-Hill Comp,
_c2000.
300 _a112 p.
440 _aSRA open court reading, Green
650 _aReading
_xStudy and teaching
650 _aEnglish language
_xStudy and teaching
999 _c105389
_d105389